[Event "HUN-ch U8-U18 2019"]
[Site "Balatonlelle"]
[Date "2019.06.27"]
[Round "8.5"]
[White "Dibusz, Domonkos"]
[Black "Persanyi, Barnabas"]
[Result "0-1"]
[WhiteElo "2067"]
[BlackElo "2404"]
[Annotator "TA"]
[PlyCount "132"]
[EventDate "2019.06.21"]
[EventType "swiss"]
[EventCountry "HUN"]
[SourceTitle "playchess.com"]
[Source "ChessBase"]
[SourceQuality "1"]

{[%evp 27,132,18,32,17,20,0,0,0,0,-26,-25,-31,-24,-37,-32,-115,-132,-143,-135,-134,-143,-137,-131,-168,-126,-127,-116,-133,-139,-130,-132,-160,-159,-159,-159,-171,-134,-127,-117,-226,-216,-214,-212,-394,-381,-334,-377,-362,-328,-410,-237,-234,-229,-225,-237,-233,-213,-208,-206,-175,-91,-91,-70,-91,-59,-119,-119,-119,-121,-121,-127,-152,-152,-152,-152,-224,-214,-508,-475,-1863,-1306,-1779,-1757,-29953,-29952,-29959,-29961,-29944,-12791,-7099,-7087,-29972,-29961,-29958,-29944,-29970,-29971,-29970,-29975,-29976,-29976,-29967,-29973,-29985,-29985,-29984,-29984]} 1. e4 e5 2. Nf3 Nc6 3. Bb5 a6 4. Ba4 Nf6 5. O-O Be7 6. Re1 b5 7. Bb3 d6 8. c3 O-O 9. h3 Na5 10. Bc2 c5 11. d4 Nd7 12. Nbd2 exd4 13. cxd4 Nc6 14. d5 Nce5 15. Nxe5 {C96: Closed Ruy Lopez: Chigorin Defence: 11 d4, replies other than 11...Qc7} (15. a4 Rb8 16. Nxe5 Nxe5 17. f4 Ng6 18. Nf3 Bh4 19. Rf1 Bg3 20. f5 Ne5 21. Ng5 h6 22. f6 gxf6 {0-1 (43) Firouzja,A (2682)-Martinez Alcantara,J (2583) chess.com INT 2019}) 15... Nxe5 16. f4 Ng6 17. Nf3 {The position is equal.} Bh4 18. Rf1 Bg3 19. f5 Ne5 20. a4 b4 21. Be3 $146 (21. b3 $15) ({Predecessor:} 21. Nxe5 Bxe5 22. Rb1 c4 {0-1 (48) Ramondino,R (2169)-Dvirnyy,D (2537) Chianciano Terme 2018}) 21... a5 $1 $17 22. Bf2 Nxf3+ 23. Qxf3 Be5 24. Rab1 c4 25. b3 cxb3 26. Bxb3 Bd7 27. Bg3 Bxg3 28. Qxg3 Qf6 29. Rbc1 Rfc8 30. Kh2 Kf8 31. Rfe1 Qe5 32. Qxe5 dxe5 33. d6 (33. Red1 $17) 33... Rxc1 $19 34. Rxc1 {[%mdl 4096] Endgame KRB-KRB} Rc8 $1 {[%cal Rc8c1]} 35. Rd1 $2 (35. Rc7 {was necessary.} Rxc7 36. dxc7) 35... Rc3 36. Bd5 b3 ({Worse is} 36... Bxa4 37. Ra1 $11) 37. Rb1 Bxa4 38. d7 Bxd7 (38... Ke7 $142 39. Kg1 Kxd7 40. Bxf7 Kd6) 39. Bxb3 Bc6 40. Bd5 Bxd5 41. exd5 {intending d6. KR-KR} Rd3 42. Rb5 a4 43. Ra5 Ke7 (43... a3 $19 {Threatens to win with ...Ke7.} 44. Ra7 e4) 44. Rxa4 $17 Rxd5 45. g4 g6 46. Ra7+ (46. fxg6 $15 hxg6 47. h4) 46... Rd7 47. Ra5 Kf6 $1 48. fxg6 hxg6 49. h4 Ke6 $1 50. Kg3 Rd3+ 51. Kg2 {[#]} (51. Kf2 $17) 51... f5 $1 $19 52. gxf5+ $2 (52. Ra6+ {might work better.} Rd6 53. Ra8) 52... gxf5 53. h5 (53. Ra8 $142 Rd2+ 54. Kh3) 53... Rd2+ 54. Kg3 f4+ 55. Kg4 Rg2+ 56. Kf3 Rg3+ 57. Kf2 Rh3 58. h6 Kf5 59. Ra6 Rh2+ {Black mates.} 60. Kg1 Rh4 61. Kf2 e4 62. Rb6 Kg5 63. Re6 {[#]} e3+ $1 64. Kf3 Rh3+ 65. Ke4 e2 66. Kd5 f3 {Accuracy: White = 28%, Black = 81%.} 0-1

[Event "HUN-ch U8-U18 2019"]
[Site "Balatonlelle"]
[Date "2019.06.26"]
[Round "8.5"]
[White "Toth, Lili"]
[Black "Eros, Vivien"]
[Result "1-0"]
[WhiteElo "1523"]
[BlackElo "1317"]
[Annotator "NA RC"]
[PlyCount "91"]
[EventDate "2019.06.21"]
[EventType "swiss"]
[EventCountry "HUN"]
[SourceTitle "playchess.com"]
[Source "ChessBase"]
[SourceQuality "1"]
[TimeControl "40/5400+30:1800+30"]

1. d4 {[%emt 0:00:03]} d5 {[%emt 0:00:06]} 2. c4 {[%emt 0:00:24]} e6 {[%emt 0:02:32]} 3. Nc3 {[%emt 0:00:17]} Nf6 {[%emt 0:00:20]} 4. Nf3 {[%emt 0:00:23]} Nbd7 {[%emt 0:00:41]} 5. Bf4 {[%emt 0:02:19]} Be7 {[%emt 0:02:56]} 6. Nb5 {[%emt 0:01:52]} O-O {[%emt 0:12:17]} 7. Bxc7 {[%emt 0:01:59]} Bb4+ {[%emt 0:01:30]} 8. Nd2 {[%emt 0:01:43]} Qe8 {[%emt 0:01:01]} 9. a3 {[%emt 0:01:33]} Bxd2+ {[%emt 0:01:08]} 10. Qxd2 {[%emt 0:00:11]} Ne4 {[%emt 0:01:01]} 11. Qd3 {[%emt 0:04:52]} Qe7 {[%emt 0:05:20]} 12. f3 {[%emt 0:08:11]} a6 {[%emt 0:06:03]} 13. fxe4 {[%emt 0:04:27]} axb5 {[%emt 0:00:10]} 14. cxd5 {[%emt 0:04:24]} exd5 {[%emt 0:00:21]} 15. exd5 {[%emt 0:01:30]} Nf6 {[%emt 0:04:09]} 16. d6 {[%emt 0:02:46]} Qd7 {[%emt 0:00:18]} 17. Rc1 {[%emt 0:07:53]} Ne8 {[%emt 0:02:59]} 18. Qg3 {[%emt 0:03:15]} Ra6 {[%emt 0:00:26]} 19. e3 {[%emt 0:02:44]} Nxd6 {[%emt 0:02:04]} 20. Bxd6 {[%emt 0:01:52]} Rxd6 {[%emt 0:00:16]} 21. Bd3 {[%emt 0:01:07]} Rh6 {[%emt 0:04:27]} 22. Kd2 {[%emt 0:01:11]} f5 {[%emt 0:09:53]} 23. Qf4 {[%emt 0:05:24]} Qd5 {[%emt 0:03:34]} 24. Rhg1 {[%emt 0:02:34]} Qb3 {[%emt 0:06:06]} 25. Rc2 {[%emt 0:03:03]} Be6 {[%emt 0:02:14]} 26. Qe5 {[%emt 0:09:20]} Bc4 {[%emt 0:04:03]} 27. Bxc4+ {[%emt 0:02:10]} bxc4 {[%emt 0:00:39]} 28. Qd5+ {[%emt 0:00:51]} Kh8 {[%emt 0:00:09]} 29. Qxc4 {[%emt 0:00:34]} Qxc4 {[%emt 0:01:14]} 30. Rxc4 {[%emt 0:00:07]} Rxh2 {[%emt 0:00:09]} 31. Rc7 {[%emt 0:00:45]} Rb8 {[%emt 0:00:09]} 32. Ke2 {[%emt 0:00:29]} h6 {[%emt 0:01:13]} 33. Kf3 {[%emt 0:00:20]} Rh4 {[%emt 0:00:56]} 34. Rgc1 {[%emt 0:00:35]} Re4 {[%emt 0:00:56]} 35. Rc8+ {[%emt 0:00:56]} Re8 {[%emt 0:00:15]} 36. Rxe8+ {[%emt 0:01:20]} Rxe8 {[%emt 0:00:16]} 37. Rc7 {[%emt 0:00:12]} Rb8 {[%emt 0:00:31]} 38. Kf4 {[%emt 0:00:39]} g6 {[%emt 0:00:50]} 39. d5 {[%emt 0:00:31]} Rd8 {[%emt 0:00:33]} 40. Ke5 {[%emt 0:00:00]} Kg8 {[%emt 0:00:00]} 41. Ke6 {[%emt 0:01:06]} Re8+ {[%emt 0:01:25]} 42. Re7 {[%emt 0:00:34]} Rd8 {[%emt 0:00:30]} 43. d6 {[%emt 0:00:13]} Kf8 {[%emt 0:00:19]} 44. Rf7+ {[%emt 0:00:41]} Kg8 {[%emt 0:00:22]} 45. d7 {[%emt 0:01:27]} Kh8 {[%emt 0:02:04]} 46. Ke7 {[%emt 0:00:34]} 1-0

[Event "HUN-ch U8-U18 2019"]
[Site "Balatonlelle"]
[Date "2019.06.27"]
[Round "8.6"]
[White "Papp, Bence"]
[Black "Ongut, Tamas Gunes"]
[Result "1/2-1/2"]
[WhiteElo "2094"]
[BlackElo "2120"]
[Annotator "TA"]
[PlyCount "46"]
[EventDate "2019.06.21"]
[EventType "swiss"]
[EventCountry "HUN"]
[SourceTitle "playchess.com"]
[Source "ChessBase"]
[SourceQuality "1"]

{[%evp 15,46,0,33,27,38,33,29,26,44,28,32,33,42,30,32,18,25,30,33,31,31,10,16,0,4,0,1,-31,-23,-37,-19,-34,-30]} 1. e4 e5 2. Nf3 Nc6 3. Bb5 a6 4. Ba4 d6 5. d4 b5 6. Bb3 Nxd4 7. Nxd4 exd4 8. c3 Nf6 (8... dxc3 {looks sharper.} 9. Qd5 Be6 10. Qc6+ Bd7 11. Qd5 Be6) 9. cxd4 {C71: Ruy Lopez: Deferred Steinitz Variation, sidelines} Be7 ({Don't blunder} 9... Nxe4 $2 10. Bd5 $18) 10. O-O O-O ({Don't go for} 10... Nxe4 $2 11. Bd5 $18) 11. Nc3 {White has an edge.} c6 $146 ({Predecessor:} 11... Bb7 12. e5 Nd7 13. Bf4 dxe5 14. dxe5 Nc5 15. Nd5 Bh4 16. Qg4 Bxd5 17. Bxd5 Bxf2+ 18. Rxf2 Qxd5 19. Rd1 Qe6 {0-1 (54) Kislik,E (2310)-Kovacs,G (2504) Budapest 2009}) 12. f3 Nd7 13. Be3 Bb7 14. Bc2 c5 15. Rc1 Nb6 16. b3 Rc8 17. Ne2 Re8 18. Ng3 g6 19. f4 Bh4 20. dxc5 dxc5 21. Qg4 {[#] Threatens to win with Rcd1.} Bxg3 22. Qxg3 Bxe4 23. Bxe4 Rxe4 {Accuracy: White = 45%, Black = 70%.} 1/2-1/2

[Event "HUN-ch U8-U18 2019"]
[Site "Balatonlelle"]
[Date "2019.06.26"]
[Round "8.6"]
[White "Szarvas, Nora"]
[Black "Toth, Timea"]
[Result "1-0"]
[WhiteElo "1258"]
[BlackElo "1964"]
[Annotator "NA RC"]
[PlyCount "121"]
[EventDate "2019.06.21"]
[EventType "swiss"]
[EventCountry "HUN"]
[SourceTitle "playchess.com"]
[Source "ChessBase"]
[SourceQuality "1"]
[TimeControl "40/5400+30:1800+30"]

1. e4 {[%emt 0:00:06]} c5 {[%emt 0:00:05]} 2. g3 {[%emt 0:00:10]} Nc6 {[%emt 0:00:09]} 3. Bg2 {[%emt 0:00:09]} g6 {[%emt 0:00:23]} 4. Ne2 {[%emt 0:00:11]} Bg7 {[%emt 0:00:14]} 5. O-O {[%emt 0:00:12]} Nf6 {[%emt 0:00:49]} 6. c3 {[%emt 0:00:21]} d6 {[%emt 0:00:20]} 7. d4 {[%emt 0:00:20]} cxd4 {[%emt 0:00:30]} 8. cxd4 {[%emt 0:00:09]} O-O {[%emt 0:00:28]} 9. Nbc3 {[%emt 0:00:16]} Bd7 {[%emt 0:03:00]} 10. Be3 {[%emt 0:00:49]} Qc8 {[%emt 0:06:37]} 11. Rc1 {[%emt 0:01:26]} Qd8 {[%emt 0:06:15]} 12. h3 {[%emt 0:04:31]} Ne8 {[%emt 0:20:01]} 13. Qb3 {[%emt 0:03:26]} Qb6 {[%emt 0:04:38]} 14. Qxb6 axb6 {[%emt 0:01:07]} 15. a3 {[%emt 0:04:43]} f5 {[%emt 0:05:28]} 16. d5 {[%emt 0:01:52]} Na5 {[%emt 0:01:20]} 17. Bd4 {[%emt 0:11:24]} Bxd4 {[%emt 0:02:54]} 18. Nxd4 {[%emt 0:02:46]} Nc4 {[%emt 0:01:02]} 19. Rc2 {[%emt 0:01:45]} Nc7 {[%emt 0:07:29]} 20. Nce2 {[%emt 0:01:00]} Nb5 {[%emt 0:16:53]} 21. Rxc4 {[%emt 0:02:24]} Nxd4 {[%emt 0:00:56]} 22. Nxd4 {[%emt 0:00:39]} Rfc8 {[%emt 0:01:51]} 23. Rfc1 {[%emt 0:00:51]} Rxc4 {[%emt 0:00:07]} 24. Rxc4 {[%emt 0:00:05]} Rc8 {[%emt 0:00:22]} 25. Rxc8+ {[%emt 0:00:21]} Bxc8 {[%emt 0:00:07]} 26. exf5 {[%emt 0:01:15]} Bxf5 {[%emt 0:01:20]} 27. Kf1 {[%emt 0:01:15]} Kf7 {[%emt 0:01:43]} 28. Ke2 Ke8 {[%emt 0:00:46]} 29. g4 {[%emt 0:02:23]} Bd7 {[%emt 0:00:35]} 30. Ke3 {[%emt 0:00:27]} Kf7 {[%emt 0:00:26]} 31. Bf1 {[%emt 0:02:34]} h5 {[%emt 0:01:15]} 32. gxh5 {[%emt 0:00:43]} gxh5 {[%emt 0:00:07]} 33. h4 {[%emt 0:00:12]} Kf6 {[%emt 0:00:31]} 34. Bb5 {[%emt 0:00:53]} Bxb5 {[%emt 0:00:17]} 35. Nxb5 {[%emt 0:01:50]} Kf5 {[%emt 0:00:23]} 36. f3 {[%emt 0:00:42]} Ke5 {[%emt 0:01:37]} 37. Nc3 {[%emt 0:01:05]} Kf5 {[%emt 0:00:19]} 38. Na4 {[%emt 0:01:41]} b5 {[%emt 0:00:22]} 39. Nc3 {[%emt 0:00:19]} Ke5 {[%emt 0:00:13]} 40. b3 {[%emt 0:00:00]} b6 {[%emt 0:00:00]} 41. b4 {[%emt 0:01:57]} e6 {[%emt 0:03:22]} 42. dxe6 {[%emt 0:00:32]} Kxe6 {[%emt 0:00:11]} 43. Nxb5 {[%emt 0:00:20]} d5 {[%emt 0:00:25]} 44. Kd4 {[%emt 0:00:31]} Kf5 {[%emt 0:00:11]} 45. Ke3 {[%emt 0:00:33]} Ke5 {[%emt 0:00:14]} 46. a4 {[%emt 0:00:13]} Kf5 {[%emt 0:00:26]} 47. a5 {[%emt 0:00:14]} Ke6 {[%emt 0:01:05]} 48. a6 {[%emt 0:00:17]} Kd7 {[%emt 0:00:13]} 49. a7 {[%emt 0:00:12]} Kc6 {[%emt 0:00:00]} 50. a8=Q+ {[%emt 0:00:19]} Kxb5 {[%emt 0:00:12]} 51. Qxd5+ {[%emt 0:00:16]} Kxb4 {[%emt 0:00:23]} 52. f4 {[%emt 0:00:44]} b5 {[%emt 0:00:11]} 53. f5 {[%emt 0:00:22]} Ka4 {[%emt 0:00:03]} 54. f6 {[%emt 0:00:35]} Kb4 {[%emt 0:00:04]} 55. f7 {[%emt 0:00:24]} Ka4 {[%emt 0:00:02]} 56. f8=Q {[%emt 0:00:47]} Ka5 {[%emt 0:00:06]} 57. Qfa8+ {[%emt 0:00:21]} Kb4 {[%emt 0:00:12]} 58. Qd4+ {[%emt 0:00:13]} Kb3 {[%emt 0:00:13]} 59. Qg8+ {[%emt 0:00:31]} Kc2 {[%emt 0:00:16]} 60. Qa2+ {[%emt 0:00:23]} Kc1 {[%emt 0:00:07]} 61. Qdd2# {[%emt 0:00:10]} 1-0

[Event "HUN-ch U8-U18 2019"]
[Site "Balatonlelle"]
[Date "2019.06.27"]
[Round "8.7"]
[White "Virag, Balint"]
[Black "Tapodi, Norman Lajos"]
[Result "1/2-1/2"]
[WhiteElo "2173"]
[BlackElo "2043"]
[Annotator "TA"]
[PlyCount "133"]
[EventDate "2019.06.21"]
[EventType "swiss"]
[EventCountry "HUN"]
[SourceTitle "playchess.com"]
[Source "ChessBase"]
[SourceQuality "1"]

{[%evp 12,133,20,35,32,29,50,26,34,-8,4,13,7,0,0,-17,-18,-27,-22,-27,3,9,12,27,55,55,140,140,192,180,168,157,221,143,191,164,157,140,204,185,204,145,155,29,27,27,179,0,0,0,0,0,0,0,0,-38,-38,-23,-21,-90,-79,-86,-8,-328,-13,-27,0,0,0,0,0,-13,8,8,8,8,8,8,13,8,93,74,70,46,57,13,20,3,75,9,10,-7,193,189,324,360,508,504,472,388,318,241,204,49,52,8,8,8,8,8,8,8,62,20,22,8,8,8,8,8,8,8,8,8]} 1. e4 c5 2. Nf3 d6 3. d4 cxd4 4. Nxd4 Nf6 5. Nc3 a6 6. h3 e6 7. g4 Nfd7 {B81: Sicilian Scheveningen: Keres Attack} 8. h4 b5 9. Bg2 Bb7 {White has an edge.} 10. Bg5 Qc7 11. Qe2 h6 $146 ({Predecessor:} 11... Ne5 12. O-O-O Nbc6 13. Nxc6 Bxc6 14. a3 Bb7 15. Kb1 {1-0 (41) Naiditsch,A (2734)-Steinberg,N (2530) Israel 2019}) 12. Bd2 Be7 13. a3 Nc6 14. Nxc6 Bxc6 15. O-O-O Nb6 16. Kb1 Nc4 17. Bc1 Rb8 18. g5 Qa5 (18... Kf8 $14) 19. Na2 $1 $16 Bd7 (19... Qb6 $16 20. Nb4 Bd7) 20. f4 $18 Qb6 21. Bh3 h5 (21... Qb7 $16 22. b3 a5) 22. f5 g6 23. fxg6 fxg6 24. Rhf1 Rf8 (24... a5 $16) 25. Rxf8+ $1 Kxf8 26. Rf1+ Kg8 27. b3 ({White has to play} 27. Nb4 $16) 27... a5 $1 $11 28. Nc3 Qd4 $2 {[#]} (28... Ne5 $11) 29. Qf2 $2 (29. Nd5 $1 $18 {[%cal Rd5e7][%mdl 512]} exd5 30. Bxd7) 29... Qxf2 30. Rxf2 Ne5 31. Ne2 Rf8 $36 {[%mdl 2048] Black has the initiative.} 32. Nf4 Ng4 33. Bxg4 (33. Rf1 {is more complex.} Kh7 34. Ne2 Kg8 35. Nf4) 33... hxg4 34. Rg2 Kh7 35. Nd3 (35. Kb2 $11) 35... e5 $17 36. Nf2 Rf3 ({Better is} 36... Bc6 $1 $17 37. Nxg4 Bxe4) 37. Bd2 $2 {[%mdl 8192]} (37. Nxg4 $11 Bc6 38. Rf2 Bxe4 39. Bd2) 37... Bd8 $2 (37... g3 $19 38. Nd3 Bh3) 38. Kb2 Bb6 39. Nxg4 Bxg4 40. Rxg4 $11 {[%mdl 4096] Endgame KRB-KRB} Rh3 41. a4 b4 42. c3 $1 {[%cal Rc3b4]} Rh2 43. Kc1 Bc5 44. cxb4 axb4 45. a5 Rh3 (45... Kg7 $11 {keeps the balance.}) 46. Kc2 $16 Kg7 47. a6 Kf7 48. Rg2 Rxh4 49. Kd3 {With the idea Be1.} Ke7 {[#]} (49... Rh1 $11) 50. Re2 ({White should try} 50. Rg3 $1 $16) 50... Kd7 $11 51. Be1 Rf4 $2 (51... Rh1 $11 {and Black has nothing to worry.}) 52. Ra2 $18 {And now a7 would win.} Rf8 (52... Ba7 $142 53. Rh2 (53. Bxb4 d5 $16) 53... Kc6) 53. Kc4 Kc6 (53... Rf4 {was called for.}) 54. Bxb4 Bb6 55. Rd2 Bc7 56. Ba3 Rf4 {[#]} 57. a7 $2 ({White must play} 57. Rc2 $1 $18) 57... Rxe4+ $14 58. Kd3 Rd4+ 59. Ke3 Kb7 60. Rxd4 exd4+ 61. Kxd4 $11 {Black must now prevent Kd5. KB-KB} Bb6+ (61... Kxa7 $11 62. Kd5 Kb6) 62. Ke4 {Strongly threatening Bc1.} Bd8 {The position is equal.} 63. Bc1 Kxa7 64. Kd5 {Kc6 is the strong threat.} Kb6 65. Kxd6 Kb5 $1 66. Bd2 Bxg5 67. Bxg5 {Accuracy: White = 42%, Black = 41%.} 1/2-1/2

[Event "HUN-ch U8-U18 2019"]
[Site "Balatonlelle"]
[Date "2019.06.26"]
[Round "8.7"]
[White "Gyenes, Mate"]
[Black "Borhy, Marcell"]
[Result "0-1"]
[WhiteElo "1823"]
[BlackElo "2374"]
[Annotator "TA"]
[PlyCount "72"]
[EventDate "2019.06.21"]
[EventType "swiss"]
[EventCountry "HUN"]
[SourceTitle "playchess.com"]
[Source "ChessBase"]
[SourceQuality "1"]

{[%evp 11,72,21,23,0,2,0,1,0,0,0,0,0,0,0,0,0,0,0,6,3,6,9,2,3,39,17,19,19,47,-20,-19,-25,-18,-25,-16,-36,-27,-284,-272,-277,-284,-394,-368,-344,-345,-800,-774,-722,-388,-385,-387,-385,-385,-401,-393,-411,-406,-393,-371,-386,-334,-1185,-1167]} 1. d4 c5 2. c3 cxd4 3. cxd4 d5 4. Bf4 Nc6 5. Nc3 Nf6 6. e3 a6 7. a3 {D10: Slav Defence: 3 cxd5 (without early Nf3) and 3 Nc3} (7. Rc1 e6 8. Bd3 Be7 9. Nf3 O-O 10. h3 Bd6 11. O-O Bxf4 12. exf4 Qd6 13. Ne5 Bd7 14. Nxc6 Bxc6 15. Qd2 Ne4 16. Qe3 Qb4 17. Nxe4 dxe4 18. Bxe4 Bxe4 19. Qxe4 Qxb2 {0-1 (55) Lysyj,I (2642)-Malakhov,V (2660) Sochi 2019}) 7... Bg4 8. Nf3 e6 9. Be2 {The position is equal.} Be7 10. O-O O-O 11. h3 Bxf3 12. Bxf3 Rc8 13. Rc1 Na5 14. Rc2 Nc4 $146 ({Predecessor:} 14... Qd7 15. Qb1 b5 16. b4 Nc4 17. Qb3 h6 18. a4 bxa4 19. Nxa4 Qb5 20. Rb1 a5 21. bxa5 Qxb3 22. Rxb3 Nxa5 23. Rxc8 Rxc8 24. Rb8 {½-½ (24) Masarik,D (2034)-Sedlacek,P (2231) Slovakia 2013}) 15. Qd3 Qb6 16. Rb1 Qb3 17. Be2 {Black must now prevent Nxd5!} Kh8 18. Nd1 Qb6 19. Rbc1 Rc6 20. Bf3 ({White should try} 20. b3 $14 Nxa3 21. Rxc6 bxc6 22. Qxa6 Qxb3 23. Qxc6) 20... Rfc8 $11 21. g4 h6 22. Kg2 g5 23. Bg3 Kg7 24. Re2 $2 {[%mdl 8192] [#]} (24. Qe2 $11) 24... Nxe3+ $1 $19 {[%mdl 576] Discovered Attack} 25. Nxe3 {And now Rxc6 would win.} Rxc1 26. Bxd5 Nxd5 27. Nxd5 Qc6 {[%mdl 64] Pin} (27... exd5 28. Rxe7 Kf8 29. Rd7 $17) 28. Qf3 $2 (28. Qe4 Bd8 29. Nc3) 28... Kf8 (28... Qxd5 $2 29. Qxd5 exd5 30. Rxe7 $17) 29. Nxe7 Qxf3+ ({Not} 29... Kxe7 30. d5 $14) 30. Kxf3 Kxe7 {[%mdl 4096] Endgame KRR-KRB} 31. Re3 Rd1 32. Rb3 b5 {[%cal Bb7b5,Bb5a4,Ba4a3,Ba3a2][%mdl 32]} 33. a4 bxa4 34. Rb7+ Kf8 35. Rb4 {[#]} a3 $1 36. Ke2 $2 (36. bxa3 Rd3+ 37. Kg2) 36... a2 {Accuracy: White = 44%, Black = 73%.} 0-1

[Event "HUN-ch U8-U18 2019"]
[Site "Balatonlelle"]
[Date "2019.06.26"]
[Round "8.8"]
[White "Pasti, Aron"]
[Black "Fule, Simon"]
[Result "0-1"]
[WhiteElo "2193"]
[BlackElo "2148"]
[Annotator "RC"]
[PlyCount "74"]
[EventDate "2019.06.21"]
[EventType "swiss"]
[EventCountry "HUN"]
[SourceTitle "playchess.com"]
[Source "ChessBase"]
[SourceQuality "1"]
[TimeControl "40/5400+30:1800+30"]

1. e4 {[%emt 0:00:51]} e5 {[%emt 0:00:06]} 2. Nf3 {[%emt 0:00:03]} Nc6 {[%emt 0:00:08]} 3. Bc4 {[%emt 0:00:03]} Nf6 {[%emt 0:00:34]} 4. d3 {[%emt 0:00:05]} Be7 {[%emt 0:00:09]} 5. O-O {[%emt 0:00:04]} d6 {[%emt 0:00:15]} 6. a4 O-O {[%emt 0:00:46]} 7. Re1 {[%emt 0:00:51]} Na5 {[%emt 0:01:08]} 8. Ba2 {[%emt 0:00:14]} c5 {[%emt 0:00:13]} 9. c3 {[%emt 0:00:23]} Nc6 {[%emt 0:00:49]} 10. Na3 {[%emt 0:00:50]} Be6 {[%emt 0:15:23]} 11. d4 {[%emt 0:16:09]} Bxa2 {[%emt 0:05:04]} 12. Rxa2 {[%emt 0:01:38]} cxd4 {[%emt 0:00:14]} 13. cxd4 {[%emt 0:00:11]} d5 {[%emt 0:00:10]} 14. dxe5 {[%emt 0:12:39]} Nxe4 {[%emt 0:00:17]} 15. Nb5 {[%emt 0:20:47]} Bb4 {[%emt 0:27:16]} 16. Re2 {[%emt 0:06:27]} Re8 {[%emt 0:11:40]} 17. Bf4 {[%emt 0:07:07]} a6 {[%emt 0:03:13]} 18. Nbd4 {[%emt 0:01:10]} Nxd4 {[%emt 0:07:58]} 19. Nxd4 {[%emt 0:01:13]} Qb6 {[%emt 0:00:08]} 20. Nf3 {[%emt 0:09:51]} Bc5 {[%emt 0:05:37]} 21. Be3 {[%emt 0:04:55]} Rad8 {[%emt 0:03:22]} 22. Bxc5 {[%emt 0:05:04]} Nxc5 {[%emt 0:02:12]} 23. Qd4 {[%emt 0:04:13]} Qc6 {[%emt 0:01:07]} 24. Rc2 {[%emt 0:02:12]} Ne6 {[%emt 0:00:06]} 25. Qd2 {[%emt 0:00:08]} Qd7 {[%emt 0:04:35]} 26. b3 {[%emt 0:00:38]} d4 {[%emt 0:00:32]} 27. Ra1 {[%emt 0:02:02]} Qd5 {[%emt 0:00:53]} 28. Qd3 {[%emt 0:03:38]} Nf4 {[%emt 0:02:06]} 29. Qc4 {[%emt 0:00:10]} d3 {[%emt 0:03:23]} 30. Rb2 {[%emt 0:00:46]} Ng6 {[%emt 0:01:13]} 31. Re1 {[%emt 0:00:37]} Nxe5 {[%emt 0:01:02]} 32. Nxe5 {[%emt 0:00:26]} Rxe5 {[%emt 0:00:07]} 33. Rxe5 Qxe5 {[%emt 0:00:02]} 34. Rb1 {[%emt 0:00:53]} d2 {[%emt 0:00:23]} 35. Rd1 {[%emt 0:00:41]} Qe1+ {[%emt 0:01:38]} 36. Qf1 {[%emt 0:00:02]} Re8 {[%emt 0:00:06]} 37. g3 {[%emt 0:00:40]} Qxd1 {[%emt 0:00:10]} 0-1

[Event "HUN-ch U8-U18 2019"]
[Site "Balatonlelle"]
[Date "2019.06.27"]
[Round "8.8"]
[White "Kovacsy, Barnabas"]
[Black "Leszko, Bence"]
[Result "1/2-1/2"]
[WhiteElo "2136"]
[BlackElo "2135"]
[Annotator "TA"]
[PlyCount "81"]
[EventDate "2019.06.21"]
[EventType "swiss"]
[EventCountry "HUN"]
[SourceTitle "playchess.com"]
[Source "ChessBase"]
[SourceQuality "1"]

{[%evp 29,81,31,24,27,23,23,27,22,26,-17,0,0,65,71,77,74,87,106,103,100,98,93,87,83,235,231,224,202,235,196,184,205,313,314,211,211,211,200,197,202,211,191,175,157,212,212,205,204,192,156,178,116,116,116]} 1. e4 c5 2. Nf3 Nc6 3. d4 cxd4 4. Nxd4 Nf6 5. Nc3 e5 6. Ndb5 d6 7. Bg5 a6 8. Na3 b5 9. Nd5 Be7 10. Bxf6 Bxf6 11. c3 Bg5 12. Nc2 O-O 13. a4 bxa4 14. Rxa4 a5 15. Bc4 Kh8 16. h4 {B33: Sicilian: Pelikan and Sveshnikov Variations} (16. O-O Rb8 17. b3 f5 18. exf5 Bxf5 19. Qe2 Bg6 20. Rd1 e4 21. Nd4 Nxd4 22. Rxd4 Rb7 23. Qe1 Rbf7 24. Ra2 h5 25. Ne3 Rf4 26. Rd5 Bh6 27. Rdxa5 Rxf2 28. Rxf2 Rxf2 29. Qxf2 Bxe3 30. Rxh5+ Bxh5 31. Qxe3 {½-½ (93) Ivanchuk,V (2787)-Carlsen,M (2714) Moscow 2007}) 16... Bh6 17. Nce3 Rb8 18. b3 {White has an edge.} Ne7 19. Ng4 (19. Nxe7 {with more complications.} Qxe7 20. Nf5 Bxf5 21. exf5 Qf6 22. g4) 19... Nxd5 $146 ({Predecessor:} 19... Bxg4 20. Qxg4 Nxd5 21. Bxd5 Rb5 22. Qe2 {½-½ (22) Semjonovs,I (2245)-Szpar,M (2328) Porto Carras 2018}) 20. Bxd5 f5 (20... Bf4 $1 $11) 21. Nxh6 gxh6 22. exf5 Bxf5 23. O-O Bd7 24. Ra3 Qxh4 25. Rxa5 Rf5 {Threatening ...Rh5.} 26. g3 Qf6 $2 (26... Qg5 $16 {was necessary.}) 27. Be4 $1 $18 Rg5 28. Ra6 Bg4 29. Qxd6 Qxd6 30. Rxd6 Rxb3 (30... Bf5 $142) 31. Rd8+ $1 ({Weaker is} 31. Rxh6 Bf5 $16) 31... Kg7 32. Ra1 Bf5 33. Ra7+ Kg6 34. Rd6+ Kh5 35. Bxf5 Rxf5 36. Rxh7 Rxc3 (36... Rb2 $16 {might work better.}) 37. Rhxh6+ {KRR-KRR} ({Much less strong is} 37. Rdxh6+ $6 Kg4 $16) 37... Kg4 {[#]} 38. Kg2 $1 {White wants to mate with Rhg6+.} Rc2 {[#]} 39. Rdg6+ $1 Rg5 40. Rf6 (40. Re6 $18) 40... Rf5 $16 41. Rhg6+ {Accuracy: White = 80%, Black = 53%.} 1/2-1/2